| 000 -LEADER |
| fixed length control field |
00517cam a2200169 a 4500 |
| 020 ## - INTERNATIONAL STANDARD BOOK NUMBER |
| ISBN |
1880656094 : |
| 040 ## - CATALOGING SOURCE |
| Transcribing agency |
DLC |
| 041 1# - LANGUAGE CODE |
| Language code of original and/or intermediate translations of text |
jpn |
| 082 00 - DEWEY DECIMAL CLASSIFICATION NUMBER |
| Classification number |
895 STO 1994 A096 Or. |
| 100 1# - MAIN ENTRY--AUTHOR NAME |
| Personal name |
Mukōda, Kuniko, |
| 245 04 - TITLE STATEMENT |
| Title |
The name of the flower : |
| Remainder of title |
stories / |
| 260 ## - PUBLICATION, DISTRIBUTION, ETC. (IMPRINT) |
| Place of publication |
Berkley, Calf. : |
| Name of publisher |
Stone Bridge Press, |
| Year of publication |
c1994. |
| 300 ## - PHYSICAL DESCRIPTION |
| Number of Pages |
152 p. ; |
| Dimensions |
22 cm. |
| 856 42 - ELECTRONIC LOCATION AND ACCESS |
| Uniform Resource Identifier |
http://www.loc.gov/catdir/enhancements/fy1006/93006309-b.html |
| 856 42 - ELECTRONIC LOCATION AND ACCESS |
| Uniform Resource Identifier |
http://www.loc.gov/catdir/enhancements/fy1405/93006309-d.html |
| 942 ## - ADDED ENTRY ELEMENTS (KOHA) |
| Koha item type |
សៀវភៅភាសាអង់គ្លេស |
| 952 ## - LOCATION AND ITEM INFORMATION (KOHA) |
| Withdrawn status [LOCAL, KOHA] |
0 |